MARC details
| 000 -LEADER |
| fixed length control field |
01821cam a2200409 4500 |
| 001 - CONTROL NUMBER |
| control field |
X113340 |
| 008 - FIXED-LENGTH DATA ELEMENTS--GENERAL INFORMATION |
| fixed length control field |
000000n2001 000 0 eng u |
| 035 ## - SYSTEM CONTROL NUMBER |
| System control number |
(Sirsi) u113340 |
| 100 ## - MAIN ENTRY--PERSONAL NAME |
| Personal name |
Lewis, S. |
| 245 ## - TITLE STATEMENT |
| Title |
Construction law update |
| 260 ## - PUBLICATION, DISTRIBUTION, ETC. |
| Date of publication, distribution, etc. |
2001 |
| 490 ## - SERIES STATEMENT |
| Series statement |
Solicitors' Journal |
| Volume/sequential designation |
145(22) 525-526(2) |
| 520 ## - SUMMARY, ETC. |
| Summary, etc. |
Reviews construction issues reviewed by the courts since 1999, including adjudicators' jurisdiction. Case law. |
| 650 ## - SUBJECT ADDED ENTRY--TOPICAL TERM |
| Topical term or geographic name entry element |
MANAGEMENT-DISPUTE AVOIDANCE, MANAGEMENT AND RESOLUTION-DISPUTE MANAGEMENT AND RESOLUTION-ALTERNATIVE DISPUTE RESOLUTION-ADJUDICATION |
| 650 ## - SUBJECT ADDED ENTRY--TOPICAL TERM |
| Topical term or geographic name entry element |
MANAGEMENT-DISPUTE AVOIDANCE, MANAGEMENT AND RESOLUTION-DISPUTE MANAGEMENT AND RESOLUTION-ALTERNATIVE DISPUTE RESOLUTION-ADJUDICATION-ADJUDICATORS |
| 650 ## - SUBJECT ADDED ENTRY--TOPICAL TERM |
| Topical term or geographic name entry element |
AUSTIN HALL BUILDING LTD V BUCKLAND SECURITIES LTD |
| 650 ## - SUBJECT ADDED ENTRY--TOPICAL TERM |
| Topical term or geographic name entry element |
BLOOR CONSTRUCTION V BOWMER AND KIRKLAND |
| 650 ## - SUBJECT ADDED ENTRY--TOPICAL TERM |
| Topical term or geographic name entry element |
BOUYGUES UK LTD V DAHL-JENSEN UK LTD |
| 650 ## - SUBJECT ADDED ENTRY--TOPICAL TERM |
| Topical term or geographic name entry element |
BUILT ENVIRONMENT-BUILDING CONTRACT FORMS |
| 650 ## - SUBJECT ADDED ENTRY--TOPICAL TERM |
| Topical term or geographic name entry element |
CONSTRUCTION LAW |
| 650 ## - SUBJECT ADDED ENTRY--TOPICAL TERM |
| Topical term or geographic name entry element |
DISCAIN PROJECT SERVICES LTD V OPECPRIME DEVELOPMENT LTD |
| 650 ## - SUBJECT ADDED ENTRY--TOPICAL TERM |
| Topical term or geographic name entry element |
EDMUND NUTTALL V SEVENOAKS DC |
| 650 ## - SUBJECT ADDED ENTRY--TOPICAL TERM |
| Topical term or geographic name entry element |
JURISDICTION |
| 650 ## - SUBJECT ADDED ENTRY--TOPICAL TERM |
| Topical term or geographic name entry element |
HOUSING GRANTS CONSTRUCTION AND REGENERATION ACT 1996 |
| 650 ## - SUBJECT ADDED ENTRY--TOPICAL TERM |
| Topical term or geographic name entry element |
HUMAN RIGHTS |
| 650 ## - SUBJECT ADDED ENTRY--TOPICAL TERM |
| Topical term or geographic name entry element |
HUMAN RIGHTS ACT 1998 |
| 650 ## - SUBJECT ADDED ENTRY--TOPICAL TERM |
| Topical term or geographic name entry element |
MACOB CIVIL ENGINEERING LTD V MORRISON CONSTRUCTION LTD |
| 650 ## - SUBJECT ADDED ENTRY--TOPICAL TERM |
| Topical term or geographic name entry element |
NATURAL JUSTICE |
| 650 ## - SUBJECT ADDED ENTRY--TOPICAL TERM |
| Topical term or geographic name entry element |
NORTHERN DEVELOPMENTS (CUMBRIA) LTD V J & J NICHOL |
| 650 ## - SUBJECT ADDED ENTRY--TOPICAL TERM |
| Topical term or geographic name entry element |
PALMERS LTD V A B B POWER CONSTRUCTION LTD |
| 650 ## - SUBJECT ADDED ENTRY--TOPICAL TERM |
| Topical term or geographic name entry element |
THE PROJECT CONSULTANCY GROUP V THE TRUSTEES OF THE GREY TRUST |
| 650 ## - SUBJECT ADDED ENTRY--TOPICAL TERM |
| Topical term or geographic name entry element |
VHE CONSTRUCTION PLC V RBSTB TRUST CO LTD |
| 650 ## - SUBJECT ADDED ENTRY--TOPICAL TERM |
| Topical term or geographic name entry element |
WITHHOLDING PAYMENT |
| 650 ## - SUBJECT ADDED ENTRY--TOPICAL TERM |
| Topical term or geographic name entry element |
WOODS HARDWICK LTD V CHILTERN AIR CONDITIONING |
| 690 ## - LOCAL SUBJECT ADDED ENTRY--TOPICAL TERM (OCLC, RLIN) |
| Topical term or geographic name as entry element |
Dispute resolution |
| 9 (RLIN) |
6236 |
| 942 ## - ADDED ENTRY ELEMENTS (KOHA) |
| Suppress in OPAC |
0 |